[Event "Mechanics' Winter TNM; G/2 d5"]
[Site "San Francisco"]
[Date "2019.01.08"]
[Round "1.1"]
[White "Diaz, Conrado"]
[Black "Casares Jr, Nick"]
[Result "1-0"]
[WhiteElo "2343"]
[BlackElo "1600"]
[Annotator "Winslow,Elliott"]
[PlyCount "67"]
[EventDate "2019.01.08"]
[EventType "swiss"]
[EventRounds "8"]
[EventCountry "USA"]

{[%evp 0,30,45,25,13,27,32,-22,12,21,33,30,30,29,11,7,7,0,-12,-19,39,44,64,72,
72,58,63,61,65,61,59,67,56]} 1. d4 d5 2. Nf3 Nf6 3. Bg5 Nbd7 (3... Ne4 $5) 4.
Nbd2 e6 5. e3 Be7 6. Bd3 h6 7. Bh4 O-O 8. O-O c5 9. c3 cxd4 (9... g5 10. Bg3
Nh5 11. Be5 c4 12. Bc2 g4 13. Ne1 f5) (9... b6 10. Ne5 Bb7 11. f4 Ne4) 10. exd4
Nh5 11. Bxe7 Qxe7 12. Re1 Nf4 13. Bf1 b6 14. g3 Ng6 15. Bd3 Bb7 16. Bxg6 fxg6
17. Ne5 Nxe5 18. Rxe5 Rf5 19. Qe2 Rf6 20. Re1 Re8 21. f4 Qf7 22. h4 Qd7 23. Nf3
Bc8 24. Re3 Kh7 25. Ne5 Qd6 26. Qd3 h5 27. Nf3 Ref8 28. Ng5+ Kh6 $6 29. Qe2 Re8
30. Re5 Qc6 31. Qe3 {[#]} Bd7 32. f5 gxf5 33. Nxe6+ Kh7 34. Ng5+ 1-0

[Event "Mechanics' Winter TNM; G/2 d5"]
[Site "San Francisco"]
[Date "2019.01.08"]
[Round "1.2"]
[White "Newey, Richard"]
[Black "Winslow, Elliott"]
[Result "0-1"]
[WhiteElo "1600"]
[BlackElo "2318"]
[Annotator "Winslow,Elliott"]
[PlyCount "66"]
[EventDate "2019.01.08"]
[EventType "swiss"]
[EventRounds "8"]
[EventCountry "USA"]

{[%evp 0,66,27,45,75,79,78,78,104,52,47,59,76,9,99,39,23,-12,-9,-21,52,15,25,0,
0,0,14,-7,-14,-35,-26,-123,-113,-113,-145,-145,-84,-113,-50,-40,-24,-31,-20,
-27,-20,-33,12,50,0,-24,9,-31,20,-8,27,24,-102,-143,-147,-147,-161,-222,-201,
-201,-224,-234,-246,-884,-1001]} 1. e4 d6 2. d4 Nf6 3. Nc3 g6 4. f4 Bg7 5. Nf3
O-O 6. Be2 c5 7. dxc5 Qa5 8. O-O Qxc5+ 9. Kh1 Bg4 (9... b5 $6 10. e5 dxe5 11.
fxe5 Ng4 12. Qd5 (12. h3 Nxe5 13. Nxe5 Bxe5 14. Qd5 Qxd5 15. Nxd5 Bd6 16. Bh6 (
16. Bg5) 16... Rd8 17. Nxe7+ $1 Bxe7 18. Bf3 Nc6 19. Bxc6 Rb8 {1/2-1/2 (19)
Zhilin,V-Vasiukov,E Moscow 1961}) 12... Nf2+ 13. Rxf2 (13. Kg1 Nh3+ 14. Kh1
Nf2+ 15. Rxf2 Qxf2) 13... Qxf2 14. Qxa8 (14. Bd3 b4 15. Ne4 Qb6 16. Qxa8 Bb7
17. Be3 Bxa8 $17) 14... b4 15. Bg5 (15. Nd5 Qxe2 16. Bf4 Kh8 {[%emt 0:00:18]
Nijboer, F-Azmaiparashvili,Z,Reykjavik op 1990-EXP} 17. Qxa7 (17. Nxb4 Qb5 18.
c3 a5 19. Nd4 Qb6 20. Nd5 Qxb2 21. Rd1 e6 22. Ne3 Bb7 23. Qa7 Be4 24. Qe7 Nc6
25. Qh4 Kg8 26. Bh6 Bxh6 27. Qxh6 Nxe5 28. Qh4 Ba8 29. Qf4 Nc4 30. Rg1 Nxe3 31.
Qxe3 Qxa2 32. Ne2 Qc4 33. Nf4 Qe4 34. Qg3 a4 35. h4 e5 36. Nd3 a3 37. Nxe5 a2
38. Nd7 Qb1 39. Nxf8 a1=Q 40. Rxb1 Qxb1+ 41. Kh2 Kxf8 42. Qd6+ Ke8 43. Qe5+ Kd7
44. Qd4+ Ke6 45. Qc4+ Bd5 46. Qc8+ Ke5 47. Qh8+ Kf5 48. Qd8 Qe4 49. g4+ Kxg4
50. Qg5+ Kf3 51. Kh3 {0-1 (53) Nijboer,F (2485)-Azmaiparashvili,Z (2610)
Reykjavik 1990}) 17... Bg4 18. Ng5 Qc4 19. h3 Be6 20. Nc7 Bf5 21. Bh2 Nc6 22.
Qe3 h6 23. Nf3 Nd8 24. Qb6 Qxc2 25. Nd5 Qxb2 26. Re1 Qxa2 27. Nxe7 Be6 28. Rd1
Qa8 29. Qxb4 Nc6 30. Nxc6 Qxc6 31. Qh4 Qc4 32. Bf4 Kg8 33. Kh2 g5 34. Bxg5 hxg5
35. Qxg5 Bd5 36. Rd4 Qc6 37. Rg4 Qg6 38. Qd2 Qc6 39. Qg5 Qg6 40. Qd2 Qc6 {
1/2-1/2 (40) Johansson,J (2415)-Dunnington,A (2345) Naestved 1991}) 15... bxc3
16. bxc3 Qxe2 17. Bxe7 Re8 18. Qxb8 Bf8 19. Re1 Qxc2 20. e6 Bxe7 21. Qb5 Rf8
22. exf7+ Rxf7 23. Qe8+ Bf8 24. Qxc8 Qxa2 25. c4 Qf2 26. Qe6 a5 27. Ng5 a4 28.
Nxf7 Qxf7 29. Qxf7+ Kxf7 30. Kg1 a3 31. Ra1 Ke6 32. Kf2 Kd7 33. Ke3 Kc6 34. Kd3
Bd6 35. h3 h5 36. Kc2 Kc5 37. Kb3 Kd4 38. Rd1+ Ke5 39. Rxd6 Kxd6 40. Kxa3 g5
41. Kb4 g4 42. h4 g3 43. c5+ Kc6 44. Kc4 Kc7 45. Kd5 Kd7 46. Ke5 Kc6 47. Kf4 {
1-0 (47) Fette,M-Zbikowski,W Germany North 1980}) (9... Nc6 {probably most
accurate} 10. Bd3 (10. Qe1) (10. Nd2) 10... Bg4 (10... e5 11. Qe1 $14) (10...
Nb4 11. Qe1 Nxd3 12. cxd3 b6 13. Be3 Qh5 14. Bd4 Bb7 15. a4 Ba6 16. Qd2 $6 e5
$1 17. Bg1 exf4 18. Qxf4 Ng4 $36 {[%emt 0:00:16] Schlosser,M-Popchev,M,Sochi-A
1989-CBM}) 11. Qe1 Rfc8 $5 {N: 0-1 (55) Chandler,M (2605)-Ivanchuk,V (2735)
Reykjavik 1991 CBM 026 [Stohl,I]} (11... Bxf3 12. Rxf3 Nb4 (12... Rac8) (12...
Rfc8 $5) 13. Be3 Nxd3 14. cxd3 Qa5 (14... Qb4 15. Rb1 a5 16. Bg1 a4 17. e5 dxe5
18. fxe5 Nd7 19. a3 Qb3 20. d4 Rac8 21. Qh4 f6 22. Rh3 h5 23. Qe4 $14 {[%emt 0:
00:22] Gdanski,J-Sznapik,A,POL-ch 1991-EXP}) 15. f5 b5 16. Bg5 b4 17. Bxf6 Bxf6
18. Nd5 Kg7 19. Qd2 Rac8 20. Rh3 g5 $132 {Nunn,J-Sznapik,A,Haifa ETC 1989-TD
89_12})) (9... Nbd7 10. Bd3 b6 11. Qe1 Bb7 12. Be3 Qc6 13. Nd4 Qc8 14. Qh4 Nc5
15. f5 Nxd3 16. cxd3 Ba6 17. Rad1 b5 18. Rf3 b4 19. Nd5 $40 {Schlosser,
M-Ludgate,A,Haifa ETC 1989-TD 89_12}) 10. Ng5 $6 $146 (10. Qe1) (10. Bd3) (10.
h3 $5 Bxf3 11. Bxf3 (11. Rxf3 $5 Nc6 12. Be3 Qb4 13. a3 Qa5 14. Qe1 Rac8 15. b4
Qc7 16. Bg1 e5 17. Rd1 Nd4 18. Bxd4 exd4 19. Rxd4 a6 20. Bd1 Qb6 21. Rdd3 Rfe8
22. Rfe3 Rcd8 23. Bf3 a5 24. Qd2 axb4 25. axb4 h5 26. b5 Bf8 27. Re1 Bh6 28. g4
hxg4 29. hxg4 d5 30. e5 d4 31. Ne4 Nxe4 32. Rxe4 Qxb5 33. Qh2 Bf8 34. Re1 Bb4
35. Red1 Kg7 36. Qf2 Bc3 37. Kg2 Rh8 38. Rh1 Rxh1 39. Kxh1 Ra8 40. Kg2 g5 41.
Be4 Re8 42. Rf3 Qd7 43. Qg3 Bd2 44. f5 Bf4 45. f6+ Kf8 46. Qh3 {1-0 (46)
Shmatkov,M (2163)-Zakharov,A (2394) Odintsovo 2011}) 11... Nc6 (11... Nbd7 12.
Qd3 Qc7 13. Bd2 a6 14. Rae1 e6 15. Rd1 Rad8 16. a4 Rfe8 17. Be3 Nb6 18. b3 Nfd7
19. Qxd6 Qxc3 20. Bxb6 Nxb6 21. Qxb6 Rxd1 22. Bxd1 Re7 23. Qd8+ Bf8 24. e5 Rc7
25. Rf3 Qc6 26. Rd3 h5 27. Bxh5 Qxc2 28. Bd1 Qc1 29. Qh4 Rc2 30. Kh2 Rd2 31.
Rxd2 Qxd2 32. Bf3 b6 33. Qg4 Bc5 34. h4 Be3 35. Kg3 Qe1+ 36. Kh3 Qh1+ 37. Kg3
Bd2 38. Be2 Be1+ 39. Kf3 Bxh4 40. Qh3 Qe1 41. Bxa6 Qd1+ 42. Be2 Qxb3+ 43. Kg4 {
1/2-1/2 (43) Kholmov,R (2480) -Guseinov,A Tallinn 1983}) 12. Nd5 (12. Re1 Rac8
13. Be3 Qa5 14. Qd2 Rfd8 15. Qf2 Nd7 16. Bd2 Qb6 17. Qxb6 Nxb6 18. Bg4 e6 19.
f5 h5 20. Bd1 Be5 21. fxg6 fxg6 22. Rb1 Nc4 23. Bc1 Bxc3 24. bxc3 b6 25. g4
hxg4 26. Bxg4 Re8 27. h4 N6e5 28. Be2 Rf8 29. Kg2 Kg7 30. Rh1 Rh8 31. Rb4 Na5
32. Bd2 Rc5 33. Rd4 Nf7 34. Kg3 b5 35. Rf1 Nc6 36. Rd3 Nce5 37. Rd4 a6 38. Bc1
Rxc3+ 39. Bd3 Nc4 40. Be3 Nxe3 41. Re1 Nxc2 {0-1 (41) Ahn,M (2308)-Tjiam,D 
(2376) Belgium 2010}) 12... Nd7 13. Be3 Qa5 14. Bd2 Qd8 15. c3 e6 16. Ne3 Qe7
17. a4 a5 18. Qb3 Nc5 19. Qa3 f5 20. exf5 gxf5 21. Rae1 Ne4 22. Bxe4 fxe4 23.
Qb3 Rae8 24. f5 Ne5 25. fxe6 Rxf1+ 26. Rxf1 Qxe6 27. Qxb7 Nd3 28. Nf5 Bf6 29.
Be3 Kh8 30. Qb6 Be5 31. Nh6 Nf4 32. Bxf4 Bxf4 33. Rxf4 Qxh6 34. Qd4+ {1-0 (34)
Rogers,I (2555)-Reilly,T (2235) Canberra 2002}) 10... Bxe2 11. Qxe2 Nbd7 (11...
Nc6 12. a3 Na5 (12... Nd7)) 12. Be3 Qc6 13. Qf3 $2 h6 14. Nh3 b5 $17 15. Rf2 $2
b4 $19 16. Nd5 Nxd5 17. exd5 Qb5 $6 (17... Qa6) 18. Rb1 (18. Re1 $5) (18. f5 g5
19. Re1) 18... Nf6 $6 (18... Rfc8) (18... Qa4) (18... Qa6) (18... Qa5) 19. Rd2
(19. Rd1) 19... a5 $6 (19... Qa4) (19... Rac8) (19... Qc4) 20. Bd4 Rfe8 (20...
Rac8 21. f5) 21. Nf2 (21. f5 Rf8 $5) 21... Rac8 (21... Qa4 22. b3 Qd7) 22. Rbd1
$6 {[#]} (22. f5 Qd7 23. fxg6 fxg6) 22... e5 $1 23. dxe6 (23. fxe5 dxe5 24. Be3
e4 25. Qf4 Rcd8 $1 26. d6 Rd7 $19 {!}) 23... Rxe6 24. h3 Rce8 25. Qd3 $2 (25.
Bxf6 Bxf6 26. Rxd6 Rxd6 (26... Bxb2 27. Rxe6 Rxe6 28. Rd8+ Re8 (28... Kg7)) 27.
Rxd6 Bxb2 (27... Qf1+ 28. Kh2 Bxb2 29. Qc6)) 25... Qc6 $2 (25... Qxd3 26. Rxd3
Re2 $19) 26. Kh2 $2 {[#]} (26. f5) 26... Nh5 $1 27. Bxg7 $6 (27. f5 Nf4 28. Qg3
(28. Qf3 Qxf3 29. gxf3 gxf5 30. Bxg7 Kxg7 31. Rxd6 Rg6 (31... Rxd6 32. Rxd6 Re2
33. Kg3 Nh5+ 34. Kh4 Rxf2 35. Kxh5 Rxf3 36. h4 Rg3) 32. Rxg6+ fxg6)) 27... Nxf4
28. Qf3 (28. Qg3 Nh5) 28... Qxf3 29. gxf3 Kxg7 30. Rxd6 Rxd6 31. Rxd6 Re2 32.
Kg1 Rxc2 33. Rd4 Ne2+ 0-1

[Event "Mechanics' Winter TNM; G/2 d5"]
[Site "San Francisco"]
[Date "2019.01.08"]
[Round "1.3"]
[White "Ye, Win Aung"]
[Black "Chan, John"]
[Result "1-0"]
[WhiteElo "2229"]
[BlackElo "1560"]
[Annotator "Winslow,Elliott"]
[PlyCount "111"]
[EventDate "2019.01.08"]
[EventType "swiss"]
[EventRounds "8"]
[EventCountry "USA"]

1. e4 e6 2. d3 Nc6 3. Nf3 h6 4. g3 g6 5. Bg2 Bg7 6. O-O d6 7. c3 Bd7 8. Re1 Rb8
9. Nbd2 Qc8 10. d4 e5 11. dxe5 dxe5 12. Nc4 Nge7 13. b4 b5 14. Ne3 O-O 15. Nd5
Bg4 16. a4 a6 17. Be3 Re8 18. Bc5 Nxd5 19. Qxd5 Ne7 20. Qd3 Rd8 21. Qc2 Nc6 22.
axb5 axb5 23. Red1 Qe6 24. Rxd8+ Rxd8 25. Qe2 Rb8 26. Qd3 Qe8 27. h3 Be6 28.
Kh2 Bc4 29. Qe3 Kh7 30. Nd2 Be6 31. Bf1 Qd7 32. Nf3 Qd8 33. Ra6 Qd7 34. Be2
Bxh3 $4 (34... Nd8 $1 $11) 35. Rxc6 Qxc6 36. Kxh3 $16 Qe6+ $6 (36... Bf8 37.
Bxf8 Rxf8 38. Kg2 $16) 37. Kg2 c6 38. Nh2 (38. c4 $1) 38... Ra8 (38... h5) 39.
c4 $1 bxc4 40. Qc3 Qd7 41. Bxc4 h5 42. Qd3 $2 (42. Qb3) (42. Qf3) 42... Qe8 $4
(42... Qxd3 43. Bxd3 Bf8 $11 (43... f6 $11 {and ...Bf8 next})) 43. Nf3 Bh6 (
43... f6) 44. Qd6 $18 Ra1 45. Qf6 Bg7 46. Ng5+ Kh8 47. Nxf7+ Kh7 48. Qg5 (48.
Qd6 $1) 48... Qd7 49. Nxe5 Bxe5 50. Qxe5 Ra8 51. Be6 Qg7 52. Qxg7+ Kxg7 53. Bd7
Kf6 54. f4 Ra2+ 55. Kh3 Kf7 56. Bxc6 1-0

[Event "Mechanics' Winter TNM; G/2 d5"]
[Site "San Francisco"]
[Date "2019.01.08"]
[Round "1.4"]
[White "Boldi, Nicholas"]
[Black "Wong, Russell"]
[Result "0-1"]
[WhiteElo "1521"]
[BlackElo "2200"]
[Annotator "Winslow,Elliott"]
[PlyCount "78"]
[EventDate "2019.01.08"]
[EventType "swiss"]
[EventRounds "8"]
[EventCountry "USA"]

{[%evp 0,78,19,31,57,21,21,37,38,-18,-26,-45,-38,-8,-1,-46,-20,-17,21,34,33,37,
57,24,2,0,4,4,4,-39,-36,-102,-102,-174,-175,-175,-194,-207,-152,-181,-257,-257,
-404,-404,-424,-424,-287,-471,-322,-408,-631,-624,-725,-953,-723,-723,-742,
-745,-750,-750,-750,-750,-750,-751,-691,-716,-729,-795,-715,-1014,-1089,-1150,
-1175,-1763,-29311,-29983,-29984,-29997,-29998,-29999,-30000]} 1. e4 Nf6 2. Nc3
d5 3. exd5 Nxd5 4. Nxd5 Qxd5 5. d4 Nc6 6. Be3 Bf5 7. a3 e6 8. Nf3 a6 9. c4 Qd7
10. d5 exd5 11. cxd5 Ne7 12. Bc4 Ng6 13. Nd4 Be4 14. Nf3 Bd6 15. Bd3 Bxd5 16.
Bxg6 hxg6 17. Qd4 Bxf3 18. gxf3 Qc6 19. Qxg7 O-O-O 20. Qxf7 Rd7 21. Qb3 Qxf3
22. Rf1 Rhd8 23. Rc1 Bxh2 24. a4 Bd6 25. Rg1 {[#]} Bb4+ 26. Kf1 Rd1+ 27. Rxd1
Rxd1+ 28. Qxd1 Qxd1+ 29. Kg2 Qg4+ 30. Kf1 Qc4+ 31. Kg2 Bd6 32. a5 Qe2 33. b3
Bb4 34. Bd4 Qe4+ 35. f3 Qxd4 36. Rh1 Qd2+ 37. Kg3 Bd6+ 38. Kg4 Qf4+ 39. Kh3
Qg3# 0-1

[Event "Mechanics' Winter TNM; G/2 d5"]
[Site "San Francisco"]
[Date "2019.01.08"]
[Round "1.5"]
[White "Corper, Adam"]
[Black "Cole, Tony"]
[Result "1-0"]
[WhiteElo "2193"]
[BlackElo "1520"]
[Annotator "Winslow,Elliott"]
[PlyCount "103"]
[EventDate "2019.01.08"]
[EventType "swiss"]
[EventRounds "8"]
[EventCountry "USA"]

{[%evp 0,103,22,22,47,43,59,18,33,6,111,63,60,13,13,41,40,50,59,78,72,78,77,60,
108,119,128,111,158,102,97,47,124,98,136,121,116,116,127,127,115,96,141,189,
181,193,1326,1549,1620,612,606,592,741,668,677,657,779,533,533,529,566,512,526,
532,526,546,553,546,562,574,614,619,649,629,682,714,759,717,752,789,820,857,
909,966,1010,1064,1215,1252,1266,1379,1832,1937,2430,3293,29981,29988,29985,
29990,29991,29990,29993,29994,29997,29998,29999,-30000]} 1. e4 e6 2. d4 Nc6 3.
d5 exd5 4. exd5 Nce7 {[#]} 5. d6 $5 (5. Qe2 $5) 5... cxd6 6. g3 Qb6 7. Bg2 Nf6
8. Nf3 d5 9. O-O d6 10. Nc3 Be6 11. Be3 Qc6 12. Nd4 Qd7 13. Bg5 O-O-O 14. Bxf6
gxf6 15. Nde2 Qc6 16. Nf4 Qd7 17. Ncxd5 Nxd5 18. Nxd5 Bg7 19. Qd4 Bxd5 20. Qxd5
h5 21. Rfe1 Rde8 22. Rxe8+ Qxe8 23. Qxb7+ Kd8 24. Bh3 f5 25. Bxf5 Be5 26. f4
Bd4+ 27. Kh1 h4 28. Qc8+ Ke7 29. Re1+ Be5 30. Qxe8+ Kxe8 31. fxe5 Ke7 32. exd6+
Kxd6 33. g4 Rb8 34. b3 Rb5 35. Kg2 Rd5 36. Re2 Rd1 37. Kh3 a5 38. a4 Rg1 39.
Kxh4 Kc5 40. Kg5 Rh1 41. Kf6 Kd6 42. Kxf7 Kc5 43. g5 Rf1 44. Kf6 Rf3 45. g6 Kb4
46. g7 Ka3 47. g8=Q Rf1 48. Qf8+ Kb2 49. c4+ Kxb3 50. Qb8+ Kxc4 51. Rc2+ Kd4
52. Qe5# 1-0

[Event "Mechanics' Winter TNM; G/2 d5"]
[Site "San Francisco"]
[Date "2019.01.08"]
[Round "1.6"]
[White "Carron, Joel"]
[Black "Tsodikova, Natalya"]
[Result "0-1"]
[WhiteElo "1491"]
[BlackElo "2185"]
[Annotator "Winslow,Elliott"]
[PlyCount "72"]
[EventDate "2019.01.08"]
[EventType "swiss"]
[EventRounds "8"]
[EventCountry "USA"]

{[%evp 0,4,36,37,25,20,24]} 1. e4 e5 2. Nf3 Nc6 3. d4 exd4 4. Bc4 Nf6 5. e5 d5
6. Bb5 Ne4 7. Nxd4 Bd7 8. Bxc6 bxc6 9. O-O Be7 10. f3 Nc5 11. Be3 O-O 12. Nd2
f6 13. exf6 Rxf6 14. N2b3 Na4 15. Na5 c5 16. Ndb3 d4 17. Bg5 Re6 18. Bxe7 Qxe7
19. Re1 Nxb2 20. Rxe6 Qxe6 21. Qd2 Nc4 22. Nxc4 Qxc4 23. Qd3 Qd5 24. c3 Bf5 25.
Qb5 dxc3 26. Qxc5 Qxc5+ 27. Nxc5 c2 28. Kf2 Rb8 29. Nb3 c5 30. g4 Bg6 31. Rc1
c4 32. Nd2 Rb1 33. Rxb1 cxb1=Q 34. Nxb1 Bxb1 35. a3 c3 36. Ke2 g5 0-1

[Event "Mechanics' Winter TNM; G/2 d5"]
[Site "San Francisco"]
[Date "2019.01.08"]
[Round "1.7"]
[White "Ivanov, Aleksandr"]
[Black "Morgan, Jerry"]
[Result "1-0"]
[WhiteElo "2171"]
[BlackElo "1491"]
[Annotator "Winslow,Elliott"]
[PlyCount "51"]
[EventDate "2019.01.08"]
[EventType "swiss"]
[EventRounds "8"]
[EventCountry "USA"]

{[%evp 0,51,18,12,18,-24,22,34,17,9,6,64,16,16,7,19,13,7,30,24,24,24,45,24,58,
63,92,50,231,235,210,222,317,246,528,579,579,596,623,625,652,666,907,611,687,
532,578,555,610,615,657,722,972,1074]} 1. d4 d5 2. c4 c6 3. Nc3 dxc4 4. Nf3 b5
5. e3 Nf6 6. a4 b4 7. Na2 e6 8. Bxc4 Ba6 $6 (8... Be7) 9. Bxa6 Nxa6 10. O-O c5
11. Qe2 Qc8 12. Bd2 Bd6 13. Rfc1 Qc6 14. Nxb4 Nxb4 15. Bxb4 Nd7 16. Bxc5 Rc8
17. Bxd6 Qxc1+ 18. Rxc1 Rxc1+ 19. Ne1 f5 20. Kf1 Kf7 21. Qb5 Nf6 22. f3 Rhc8
23. Bc5 Kg6 24. Ke2 Rb1 25. Nd3 Nd5 26. Qd7 1-0

[Event "Mechanics' Winter TNM; G/2 d5"]
[Site "San Francisco"]
[Date "2019.01.08"]
[Round "1.8"]
[White "Baer, Michael A"]
[Black "Boldi, Ethan Kazanjian"]
[Result "0-1"]
[WhiteElo "1488"]
[BlackElo "2134"]
[Annotator "Winslow,Elliott"]
[PlyCount "58"]
[EventDate "2019.01.08"]
[EventType "swiss"]
[EventRounds "8"]
[EventCountry "USA"]

{[%evp 0,58,18,22,43,31,34,36,20,15,22,11,-2,-10,43,23,21,14,20,20,58,50,102,
86,107,80,80,49,99,17,120,126,106,60,57,57,64,64,110,71,105,105,207,129,131,
-124,126,-8,9,-201,-242,-160,-179,-314,-217,-268,-263,-306,-315,-315,-318]} 1.
e4 e6 2. d4 d5 3. e5 c5 4. c3 Nc6 5. Nf3 Qb6 6. a3 c4 7. Be2 Be7 8. O-O Bd7 9.
Nbd2 g5 10. h3 h6 11. b4 a5 12. Rb1 axb4 13. axb4 Ra2 14. Bb2 Na7 15. Qc1 h5
16. Ra1 Rxa1 17. Qxa1 g4 18. hxg4 hxg4 19. Nh2 Bg5 20. Bc1 {[#]} f5 21. exf6
Nxf6 22. Bxg4 Nxg4 23. Nxg4 e5 24. Qa5 Qxa5 25. bxa5 Bxg4 26. dxe5 O-O 27. Re1
Nc6 28. e6 Re8 29. a6 bxa6 0-1

[Event "Mechanics' Winter TNM; G/2 d5"]
[Site "San Francisco"]
[Date "2019.01.08"]
[Round "1.9"]
[White "Gaffagan, Steven"]
[Black "Harris, Clarence"]
[Result "1-0"]
[WhiteElo "2054"]
[BlackElo "1469"]
[Annotator "Winslow,Elliott"]
[PlyCount "53"]
[EventDate "2019.01.08"]
[EventType "swiss"]
[EventRounds "8"]
[EventCountry "USA"]

{[%evp 0,53,27,22,24,5,38,8,27,-1,3,2,20,-14,-3,11,13,-12,5,4,7,3,-17,-27,-11,
-26,32,25,94,91,82,81,81,95,296,296,270,288,288,288,283,294,294,261,347,240,
962,412,520,417,410,425,497,372,388,311]} 1. e4 e5 2. Nf3 Nc6 3. Bb5 a6 4. Ba4
Nf6 5. O-O Be7 6. Re1 b5 7. Bb3 O-O 8. a4 Bb7 9. d3 Bc5 $6 (9... d6) (9... Re8)
(9... h6) 10. Bg5 h6 11. Bh4 d6 12. Nbd2 Nd4 13. Nxd4 exd4 14. axb5 axb5 15.
Rxa8 Bxa8 16. f4 Re8 17. e5 dxe5 18. fxe5 g5 19. exf6 Rxe1+ 20. Bxe1 Qxf6 21.
Qe2 Qc6 22. Ne4 Be7 23. Bg3 Kg7 24. Qh5 Qg6 25. Be5+ f6 26. Qxg6+ Kxg6 27. Bxd4
1-0

[Event "Mechanics' Winter TNM; G/2 d5"]
[Site "San Francisco"]
[Date "2019.01.08"]
[Round "1.10"]
[White "Bradley, Christopher"]
[Black "Askin, David Benjamin"]
[Result "0-1"]
[WhiteElo "1427"]
[BlackElo "2019"]
[Annotator "Winslow,Elliott"]
[PlyCount "109"]
[EventDate "2019.01.08"]
[EventType "swiss"]
[EventRounds "8"]
[EventCountry "USA"]

{[%evp 0,109,27,27,27,-16,-9,-24,-22,-22,6,-18,12,-1,7,4,-3,-37,-25,-36,-25,
-34,-28,-25,-24,-52,-29,-69,-22,-21,-23,-19,-22,-16,-7,-22,-12,-19,-22,-25,-12,
-17,-18,-7,-29,-30,-45,-51,-29,-48,-41,-155,-93,-68,-77,-87,-22,-45,-50,-82,
-29,-32,35,45,100,37,37,62,125,164,150,164,168,161,162,-136,-181,-238,-224,
-224,-248,-248,-247,-243,-228,-217,-217,-217,-217,-262,-255,-261,-245,-249,
-246,-271,-234,-239,-242,-241,-236,-247,-236,-247,-243,-257,-257,-282,-279,
-279,-293,-279]} 1. Nf3 Nf6 2. c4 e6 3. g3 d5 4. Bg2 Be7 5. O-O O-O 6. cxd5
exd5 7. d4 c6 8. b3 Re8 9. Ba3 Bg4 10. h3 Bh5 11. Bxe7 Qxe7 12. Ne5 Nbd7 13. g4
Bg6 14. Nxg6 hxg6 15. Nc3 Nf8 16. e3 Ne6 17. Qd3 Ng5 18. Rae1 Rad8 19. f3 Qd6
20. Ne2 Re7 21. h4 Ne6 22. g5 Nh5 23. f4 Rde8 24. Qd2 Nc7 25. Nc1 Ng3 26. Rf3
Nf5 27. Rh3 {[#]} Ne6 (27... c5 $1 28. dxc5 Qxc5 $15) 28. Nd3 Nf8 (28... c5 $5
29. dxc5 Nxc5 30. Ne5 Rxe5 $5 (30... d4 31. e4 Rxe5 32. fxe5 Qxe5) 31. fxe5
Rxe5 $44) 29. b4 Qc7 $2 (29... f6 $11) 30. Ne5 Re6 $6 31. h5 gxh5 32. Qc2 $6 (
32. Rxh5 $18) 32... g6 33. Bxd5 Rxe5 $2 (33... R6e7 34. Bb3 Qd6 35. a3 $16) 34.
dxe5 Qb6 35. Be4 $18 Ne7 36. a3 Ne6 {[#]} 37. Re2 $4 (37. Rf3) (37. Kh1) (37.
Kh2) (37. Kg2) ({Perhaps best is} 37. f5 gxf5 38. Bxf5 Nxf5 39. Qxf5 Ng7 40.
Qf4) 37... Nxf4 $19 {It just takes one move} 38. Rf3 Nxe2+ 39. Qxe2 Nd5 40.
Bxd5 cxd5 41. Qf2 Qe6 42. Rf6 Qxe5 43. Rxf7 Qxg5+ 44. Kf1 Qxe3 45. Qxe3 Rxe3
46. Rxb7 Rxa3 47. Rd7 Rb3 48. Rxd5 Rxb4 49. Rd8+ Kg7 50. Rd7+ Kh6 51. Rxa7 h4
52. Ra2 Kh5 53. Kg2 g5 54. Kh2 Kg4 55. Rg2+ {and "after many moves" ....} 0-1

[Event "Mechanics' Winter TNM; G/2 d5"]
[Site "San Francisco"]
[Date "2019.01.08"]
[Round "1.11"]
[White "Askin, Michael"]
[Black "Frank, Robert H"]
[Result "1-0"]
[WhiteElo "1993"]
[BlackElo "1426"]
[Annotator "Winslow,Elliott"]
[PlyCount "63"]
[EventDate "2019.01.08"]
[EventType "swiss"]
[EventRounds "8"]
[EventCountry "USA"]

{[%evp 0,16,19,31,34,19,13,3,44,40,32,-4,2,-3,56,56,54,54,48]} 1. e4 e5 2. Nf3
Nf6 3. Nxe5 d6 4. Nf3 Nxe4 5. d4 Bf5 (5... d5 6. Bd3 Bf5 {With this move order
it's the "latest thing" among the supers in 2018.}) 6. Bd3 Be7 7. O-O O-O 8.
Re1 (8. c4) 8... d5 9. Bf4 (9. Nc3 Nxc3 10. bxc3 Bxd3 11. Qxd3 Nc6 12. Re2 a6
13. Bf4 {1/2-1/2 (60) Nepomniachtchi,I (2757)-Giri,A (2782) Dortmund 2018 CBM
186 [Szabo,Kr]}) (9. Nbd2 Nd6 10. Bxf5 Nxf5 11. c3 c6 12. Qb3 Nd6 13. Nf1 Nd7
14. Bf4 {1/2-1/2 (25) Anand,V (2771)-Duda,J (2739) Batumi 2018}) (9. c4 Nc6 10.
cxd5 Qxd5 11. Nc3 Nxc3 12. bxc3 Rae8 13. Bf4 {1/2-1/2 (29) Anand,V (2767)-Wei,
Y (2743) Wijk aan Zee 2018}) 9... c5 {Black has played almost everything in
the few games with 9.Bf4 (except 9...Nd6, which loses a piece).} 10. Nbd2 (10.
a3 {is the only previous occasion, by a couple of kids:} Nc6 11. dxc5 Bxc5 12.
Be3 Bxe3 13. Rxe3 Nd6 14. Bxf5 Nxf5 15. Rd3 Qb6 16. Rb3 {(Now there's
something you don't see every day)} Qc5 17. Qd3 Nd6 18. Ng5 g6 19. Nc3 d4 20.
Nce4 Nxe4 21. Nxe4 Qe7 22. Qf3 Rfe8 23. Nf6+ {1-0 (39) Mai,N-Luong,N Viet-ch
Girls U09, Ho Chi Minh City 2005}) ({Stockfish 10 thinks} 10. c4 $1 {is close
to winning:} Nd7 11. cxd5 Ndf6 12. Be5 Qxd5 13. Qc2 cxd4 14. Bxf6) 10... cxd4
$6 {[#]} (10... Bf6 $5) 11. Nxe4 (11. Nxd4 $1 Nxf2 {is quite a try, but
doesn't seem to cut it.} 12. Kxf2 Bxd3 13. cxd3 Bc5 14. N2b3 Bxd4+ 15. Nxd4 Qf6
16. Ne2 g5 17. Kg1 gxf4 18. Rf1 Nc6 (18... Qxb2 19. Rb1 Qxa2 20. Nxf4 $18 {
was just plain too greedy}) 19. Nxf4 Kh8 20. Kh1 $16) 11... dxe4 12. Bxe4 Bxe4
13. Rxe4 Nc6 14. Nxd4 Bc5 $6 (14... Qd5 $5 15. Nxc6 Qxe4 16. Nxe7+ Qxe7 17. Bd6
$16) 15. Nxc6 Qxd1+ (15... bxc6) 16. Rxd1 bxc6 17. Rc4 Rfd8 18. Rxd8+ Rxd8 19.
Kf1 Rd4 20. Rxc5 Rxf4 21. Rxc6 h6 22. Ra6 Rd4 23. Rxa7 Rd2 24. Rc7 Rd1+ 25. Ke2
Ra1 26. a3 Rh1 27. h3 Rg1 28. Kf3 Rb1 29. b4 Ra1 30. Rc3 Kh7 31. b5 Rb1 32. Rb3
1-0